System organization: the management of complexity (Record no. 176242)

000 -LEADER
fixed length control field 00506 a2200157 4500
003 - CONTROL NUMBER IDENTIFIER
control field Nust
005 - DATE AND TIME OF LATEST TRANSACTION
control field 20170207152521.0
020 ## - INTERNATIONAL STANDARD BOOK NUMBER
International Standard Book Number 033517034x
040 ## - CATALOGING SOURCE
Transcribing agency Nust
082 ## - DEWEY DECIMAL CLASSIFICATION NUMBER
Classification number 003
245 ## - TITLE STATEMENT
Title System organization: the management of complexity
260 ## - PUBLICATION, DISTRIBUTION, ETC.
Place of publication, distribution, etc. Walton
Name of publisher, distributor, etc. The Open university press
Date of publication, distribution, etc. 1980
300 ## - PHYSICAL DESCRIPTION
Extent 45
505 ## - FORMATTED CONTENTS NOTE
Formatted contents note Preface (Page-5), Control (Page-8), Conflict (Page-15), Persistence and Changes (Page-31), Theme Development and Summary Systems (Page-39),
538 ## - SYSTEM DETAILS NOTE
System details note Almirah No.1 and Shelf No.3
942 ## - ADDED ENTRY ELEMENTS (KOHA)
Source of classification or shelving scheme
Koha item type Book
Holdings
Withdrawn status Lost status Source of classification or shelving scheme Damaged status Not for loan Collection code Permanent Location Current Location Date acquired Total Checkouts Full call number Barcode Date last seen Price effective from Koha item type
            Military College of Signals (MCS) Military College of Signals (MCS) 12/12/2016   003 OPE MCS3446 12/08/2016 12/12/2016 Book
© 2023 Central Library, National University of Sciences and Technology. All Rights Reserved.